| Registos Bibliográficos associados ao registo de autoridade |
|
Etiqueta de registo: 00000nam 2200025 450 001 2277366 003 http://id.bnportugal.gov.pt/bib/catbnp/2277366 100 ## $a20260306d2023 k y0pory01030103ba 101 0# $aeng$dpor 102 ## $aPT 105 ## $aa m 000yy 106 ## $ar 200 1# $aAtmospheric-pressure plasma deposition of antimicrobial hybrid nanocomposites for
biomedical textiles$fAna Isabel Ferreira Ribeiro$gorient. Andrea Zille, Alice M. Dias 210 #9 $a[S.l.$cs.n.],$d2023 215 ## $aXXX, 225 p.$cil.$d30 cm 328 #1 $aTese dout. Engenharia Têxtil, Escola de Engenharia, Universidade do Minho, 2023 675 ## $a620.3(043)$vBN$zpor$31386155 700 #1 $aRibeiro,$bAna Isabel Ferreira$31989687 702 #1 $aZille,$bAndrea$4727$31742920 702 #1 $aDias,$bAlice M.$4727$31989688 801 #0 $aPT$bBN$gRPC 966 ## $lBN$mFGMON$sS.A. 193434 V.$x1 971 ## $corlando$d20260306 972 ## $e0$z0$d20260408$vlrevez 973 ## $cigoulao$d20260401
|
|
|